1473 1308 1948 1201 1108 1359 1696 1414 1623 1909 1303 1359 1588 1896 1398 1432 1475 1078 1707 1766 1597 1882 1320 1395 1583 1598 1339 1340 1381 1036 1064 1652 1210 1962 1010 1732 1852 1901 1909 1113 1600 1377 1668 1866 1954 1829 1371 1557 1211 1498 1246 1829 1842 1268 1025 1242 1092 1563 1337 1810 1330 1309 1119 1282 1385 1552 1009 1730 1110 1602 1380 1760 1463 1233 1751 1090 1682 1783 1265 1131 1846 1282 1064 1707 1009 1309 1152 1863 1391 1415 1138 1222 1904 1622 1069 1820 1437 1770 1113 BCNSPRNW ULIB Ver.6.0+V

เปลี่ยนเป็นภาษาไทย

Change to English
 แสดงรายละเอียดบรรณานุกรม
  กลับหน้าหลัก

Brief Record : Get Marc (ISO 2709) : E-mail record : QR code < ปิดหน้าต่าง
LEADER : 00000nam 2200000uu 4500
001    13399112916
003     ULIB
008    110919s2554||||th 000 0 tha d
024    9786161106454
060  4 WY156^ส867ก
100 0  สุรีย์ ธรรมิกบวร
245 00 การพยาบาลองค์รวม:^bกรณีศึกษา การพยาบาลองค์รวมผู้ป่วยมะเร็ง การพยาบาลองค์รวมผู้ป้วยภาวะหัวใจล้มเหลว^cสุรีย์ ธรรมิกบวร
250    พิมพ์ครั้งที่ 2
260    นนทบุรี:^bโครงการสวัสดิการวิชาการ สถาบันพระบรมราชชนก,^c 2554
300    80 หน้า
650  7 การพยาบาลผู้ป่วยมะเร็ง
650  7 การพยาบาลผู้ป่วยภาวะหัวใจล้มเหลว
945    ^p160^l0^i030541
945    ^p160^l0^i030542
945    ^p160^l0^i030543
945    ^p160^l0^i030544
945    ^p160^l0^i030545
945    ^p160^l0^i030546
945    ^p160^l0^i030547
945    ^p160^l0^i033179
945    ^p160^l0^i034374
995    เกษร
999 ^a ใช้งานได้ทุกระบบ
รายการนี้ยังไม่มีแท็ก
คุณยังไม่ได้ล็อกอิน คุณสามารถมีกิจกรรมร่วมกับเว็บไซต์ได้ แต่ต้องล็อกอินก่อน ::
  ล็อกอิน

รายการสื่อสารสนเทศ

ลำดับที่ ประเภท เลขเรียก/บาร์โค้ด สถานที่ สถานะ
1. วิทยาศาสตร์การแพทย์ และสุขภาพ
หนังสือสำรอง
สถานะ=หนังสือสำรอง
WY156^ส867ก ฉ.1 
  Barcode: 030541
ห้องสมุดวิทยาเขตสวรรค์ประชารักษ์
►ส่วนจัดเก็บหนังสือเก่า สปร
บนชั้น
  ขอยืม
2. วิทยาศาสตร์การแพทย์ และสุขภาพ
วิทยาศาสตร์การแพทย์ และสุขภาพ
WY156^ส867ก ฉ.2 
  Barcode: 030542
ห้องสมุดวิทยาเขตสวรรค์ประชารักษ์
►ส่วนจัดเก็บหนังสือเก่า สปร
บนชั้น
  ขอยืม
3. วิทยาศาสตร์การแพทย์ และสุขภาพ
วิทยาศาสตร์การแพทย์ และสุขภาพ
WY156^ส867ก ฉ.3 
  Barcode: 030543
ห้องสมุดวิทยาเขตสวรรค์ประชารักษ์
►ส่วนจัดเก็บหนังสือเก่า สปร
บนชั้น
  ขอยืม
4. วิทยาศาสตร์การแพทย์ และสุขภาพ
วิทยาศาสตร์การแพทย์ และสุขภาพ
WY156^ส867ก ฉ.4 
  Barcode: 030544
ห้องสมุดวิทยาเขตสวรรค์ประชารักษ์
►ส่วนจัดเก็บหนังสือเก่า สปร
บนชั้น
  ขอยืม
5. วิทยาศาสตร์การแพทย์ และสุขภาพ
วิทยาศาสตร์การแพทย์ และสุขภาพ
WY156^ส867ก ฉ.5 
  Barcode: 030545
ห้องสมุดวิทยาเขตสวรรค์ประชารักษ์
►ส่วนจัดเก็บหนังสือเก่า สปร
บนชั้น
  ขอยืม
6. วิทยาศาสตร์การแพทย์ และสุขภาพ
วิทยาศาสตร์การแพทย์ และสุขภาพ
WY156^ส867ก ฉ.6 
  Barcode: 030546
ห้องสมุดวิทยาเขตสวรรค์ประชารักษ์
►ส่วนจัดเก็บหนังสือเก่า สปร
บนชั้น
  ขอยืม
7. วิทยาศาสตร์การแพทย์ และสุขภาพ
วิทยาศาสตร์การแพทย์ และสุขภาพ
WY156^ส867ก ฉ.7 
  Barcode: 030547
ห้องสมุดวิทยาเขตสวรรค์ประชารักษ์
►ส่วนจัดเก็บหนังสือเก่า สปร
บนชั้น
  ขอยืม
8. วิทยาศาสตร์การแพทย์ และสุขภาพ
วิทยาศาสตร์การแพทย์ และสุขภาพ
WY156^ส867ก ฉ.8 
  Barcode: 033179
ห้องสมุดวิทยาเขตสวรรค์ประชารักษ์
►หนังสือทั่วไป
บนชั้น
9. Book การพยาบาล
Book การพยาบาล
WY156^ส867ก ฉ.9 
  Barcode: 034374
ห้องสมุดวิทยาเขตสวรรค์ประชารักษ์
►ส่วนจัดเก็บหนังสือเก่า สปร
บนชั้น
  ขอยืม
Note:อภินันทนาการ จาก โครงการสวัสดิการวิชาการ สบช

รายการใกล้เคียง
    หัวเรื่อง [การพยาบาลผู้ป่วยมะเร็ง]
    หัวเรื่อง [การพยาบาลผู้ป่วยภาวะหัวใจล้มเหลว]

BibComment


ยังไม่เคยถูกคอมเมนท์

คอมเมนท์ทรัพยากรรายการนี้
  คอมเมนท์: การพยาบาลองค์รวม ..


 Copyright 2026. Bcnsprnw @Library